Using microsoft front page 98 (Record no. 41716)

MARC details
000 -LEADER
fixed length control field 00331nam a2200133Ia 4500
082 ## - DEWEY DECIMAL CLASSIFICATION NUMBER
Classification number 681.31 FRO
Item number JON
100 ## - MAIN ENTRY--AUTHOR NAME
Personal name Jones, Dennis
245 #0 - TITLE STATEMENT
Title Using microsoft front page 98
250 ## - EDITION STATEMENT
Edition statement 2
260 ## - PUBLICATION, DISTRIBUTION, ETC. (IMPRINT)
Place of publication New Delhi
Name of publisher Prentice Hall
Year of publication 1998
700 ## - ADDED ENTRY--PERSONAL NAME
Personal name Randall, Neil
942 ## - ADDED ENTRY ELEMENTS (KOHA)
Koha item type Books
Holdings
Withdrawn status Lost status Damaged status Not for loan Home library Current library Date acquired Full call number Accession Number Koha item type
        RRII Library RRII Library 16/12/2021 681.31 FRO JON 22002 Books